| 000 | 00802cam a2200265 i 4500 | ||
|---|---|---|---|
| 999 |
_c200454551 _d72763 |
||
| 003 | TR-AnTOB | ||
| 005 | 20230928112554.0 | ||
| 007 | t | ||
| 008 | 120113s1969$$$$tu $r01 $$$$ tur u | ||
| 040 |
_aTR-AnTOB _btur _erda _cTR-AnTOB |
||
| 041 | 0 | _atur | |
| 060 | _aWO 500 | ||
| 096 |
_aWO500 _bD755 1969 TıpFak |
||
| 100 | 1 |
_aDoğru, Mecit _eauthor _9143784 |
|
| 245 | 1 |
_aAmeliyat öncesi-ameliyat-ameliyat sonrası / _cMecit Doğru. |
|
| 250 | _aGenişletilmiş 2.ed. | ||
| 264 | 1 |
_aAnkara : _bBaşnur Matbaa, _c1969. |
|
| 300 |
_axvi, 832 pages : _billustrations ; _c23 cm. |
||
| 336 |
_atext _btxt _2rdacontent |
||
| 337 |
_aunmediated _bn _2rdamedia |
||
| 338 |
_avolume _bnc _2rdacarrier |
||
| 500 | _aIncludes bibliographical references and index | ||
| 942 |
_2NLM _cBK |
||